[Event "SVK Extraliga 2019-20"]
[Site "Slovakia"]
[Date "2019.10.20"]
[Round "1.6"]
[White "Bochnickova, Andrea"]
[Black "Banas, Kamil"]
[Result "0-1"]
[WhiteElo "2122"]
[BlackElo "2280"]
[Annotator "ChessBase"]
[PlyCount "66"]
[EventDate "2019.10.19"]
[EventType "team-tourn"]
[EventCountry "SVK"]
[SourceTitle "playchess.com"]
[Source "ChessBase"]
[SourceQuality "1"]
[WhiteTeam "Bratislava"]
[BlackTeam "Modra"]
[WhiteTeamCountry "SVK"]
[BlackTeamCountry "SVK"]
[TimeControl "40/5400+30:1800+30"]

1. e4 {[%emt 0:00:00]} c5 {[%emt 0:00:00]} 2. Nf3 {[%emt 0:00:00]} d6 {[%emt 0:00:00]} 3. d4 {[%emt 0:00:00]} cxd4 {[%emt 0:00:00]} 4. Nxd4 {[%emt 0:00:02]} Nf6 {[%emt 0:00:00]} 5. Nc3 {[%emt 0:00:10]} a6 {[%emt 0:00:00]} 6. Bg5 {[%emt 0:00:28]} e6 {[%emt 0:00:00]} 7. f4 {[%emt 0:00:59]} Qc7 {[%emt 0:00:13]} 8. Qe2 {[%emt 0:04:01]} b5 {[%emt 0:01:55]} 9. a3 {[%emt 0:06:23]} Bb7 {[%emt 0:03:04]} 10. O-O-O {[%emt 0:03:13]} Nbd7 {[%emt 0:04:23]} 11. g4 {[%emt 0:11:52]} Nb6 {[%emt 0:03:11]} 12. Bg2 {[%emt 0:09:55]} Be7 {[%emt 0:17:25]} 13. Kb1 {[%emt 0:13:26]} Nc4 {[%emt 0:03:12]} 14. Rd3 {[%emt 0:01:31]} Rb8 {[%emt 0:04:25]} 15. Re1 {[%emt 0:03:29]} Ba8 {[%emt 0:04:26]} 16. e5 {[%emt 0:05:17]} dxe5 {[%emt 0:04:18]} 17. fxe5 {[%emt 0:05:02]} Nd7 {[%emt 0:01:44]} 18. Bxa8 {[%emt 0:08:34]} Bxg5 {[%emt 0:04:23]} 19. Bc6 {[%emt 0:00:51]} O-O {[%emt 0:05:30]} 20. Bxd7 {[%emt 0:05:04]} Qxd7 {[%emt 0:00:02]} 21. Ne4 {[%emt 0:05:09]} Bf4 {[%emt 0:06:03]} 22. Nf3 {[%emt 0:03:52]} Qc7 {[%emt 0:01:20]} 23. Neg5 {[%emt 0:01:58]} Qc6 {[%emt 0:11:48]} 24. Nh3 {[%emt 0:03:06]} Be3 {[%emt 0:01:07]} 25. Rxe3 {[%emt 0:00:47]} Nxe3 {[%emt 0:00:04]} 26. Qxe3 {[%emt 0:00:11]} b4 {[%emt 0:00:54]} 27. Nhg5 {[%emt 0:03:33]} bxa3 {[%emt 0:03:59]} 28. Qxa3 {[%emt 0:00:20]} Rfd8 {[%emt 0:00:52]} 29. Qe3 {[%emt 0:03:07]} Rb4 {[%emt 0:01:20]} 30. h3 {[%emt 0:01:05]} h6 {[%emt 0:03:32]} 31. Ne4 {[%emt 0:00:09]} Rdb8 {[%emt 0:00:14]} 32. b3 {[%emt 0:00:18]} a5 {[%emt 0:00:16]} 33. Nd4 {[%emt 0:00:58]} Qd5 {[%emt 0:01:44]} 0-1

[Event "SVK Extraliga 2019-20"]
[Site "Slovakia"]
[Date "2019.10.19"]
[Round "1.7"]
[White "Jurcik, Martin"]
[Black "Danada, Tomas"]
[Result "1/2-1/2"]
[WhiteElo "2360"]
[BlackElo "2266"]
[Annotator "NA"]
[PlyCount "71"]
[EventDate "2019.10.19"]
[EventType "team-tourn"]
[EventCountry "SVK"]
[SourceTitle "playchess.com"]
[Source "ChessBase"]
[SourceQuality "1"]
[WhiteTeam "Zilina"]
[BlackTeam "Prakovce"]
[TimeControl "40/5400+30:1800+30"]

1. c4 {[%emt 0:00:00]} e6 {[%emt 0:00:00]} 2. Nf3 {[%emt 0:00:18]} d5 {[%emt 0:00:00]} 3. e3 {[%emt 0:00:45]} Nf6 {[%emt 0:00:00]} 4. b3 {[%emt 0:00:50]} Be7 {[%emt 0:00:23]} 5. Bb2 {[%emt 0:00:53]} O-O {[%emt 0:00:52]} 6. Be2 {[%emt 0:04:48]} b6 {[%emt 0:02:02]} 7. O-O {[%emt 0:06:16]} Bb7 {[%emt 0:00:33]} 8. d3 {[%emt 0:03:40]} c5 {[%emt 0:06:53]} 9. Nbd2 {[%emt 0:03:28]} Nc6 {[%emt 0:01:25]} 10. Ne5 {[%emt 0:18:37]} Nxe5 {[%emt 0:04:43]} 11. Bxe5 {[%emt 0:00:03]} Bd6 {[%emt 0:00:59]} 12. Bb2 {[%emt 0:11:20]} Qc7 {[%emt 0:03:54]} 13. h3 {[%emt 0:00:50]} Bh2+ {[%emt 0:03:35]} 14. Kh1 {[%emt 0:00:23]} Be5 {[%emt 0:00:03]} 15. Qc2 {[%emt 0:02:39]} Bxb2 {[%emt 0:08:25]} 16. Qxb2 {[%emt 0:00:04]} Rad8 {[%emt 0:00:31]} 17. Rac1 {[%emt 0:06:46]} d4 {[%emt 0:05:12]} 18. e4 {[%emt 0:12:21]} Qf4 {[%emt 0:02:34]} 19. g3 {[%emt 0:09:49]} Qh6 {[%emt 0:01:41]} 20. Kh2 {[%emt 0:00:02]} Nd7 {[%emt 0:00:31]} 21. f4 {[%emt 0:08:58]} f5 {[%emt 0:01:49]} 22. exf5 {[%emt 0:01:03]} exf5 {[%emt 0:02:28]} 23. Bf3 {[%emt 0:00:02]} Bxf3 {[%emt 0:00:30]} 24. Nxf3 {[%emt 0:00:02]} Rde8 {[%emt 0:02:50]} 25. Rce1 {[%emt 0:00:03]} Qh5 {[%emt 0:01:54]} 26. Qg2 {[%emt 0:02:52]} Nf6 {[%emt 0:08:57]} 27. Kg1 {[%emt 0:05:32]} h6 {[%emt 0:04:24]} 28. Re5 {[%emt 0:00:03]} Rxe5 {[%emt 0:05:17]} 29. fxe5 {[%emt 0:00:02]} Nh7 {[%emt 0:01:47]} 30. e6 {[%emt 0:02:00]} Ng5 {[%emt 0:01:22]} 31. Nxg5 {[%emt 0:00:29]} Qxg5 {[%emt 0:00:06]} 32. Re1 {[%emt 0:00:10]} Re8 {[%emt 0:01:46]} 33. Kh2 {[%emt 0:00:50]} f4 {[%emt 0:00:30]} 34. gxf4 {[%emt 0:00:31]} Qxg2+ {[%emt 0:06:10]} 35. Kxg2 {[%emt 0:00:04]} g6 {[%emt 0:00:05]} 36. Kf3 {[%emt 0:00:53]} 1/2-1/2

[Event "SVK Extraliga 2019-20"]
[Site "Slovakia"]
[Date "2019.10.19"]
[Round "1.7"]
[White "Farkas, Gabor"]
[Black "Sepesi, Samuel"]
[Result "1-0"]
[WhiteElo "2355"]
[BlackElo "2183"]
[Annotator "NA"]
[PlyCount "59"]
[EventDate "2019.10.19"]
[EventType "team-tourn"]
[EventCountry "SVK"]
[SourceTitle "playchess.com"]
[Source "ChessBase"]
[SourceQuality "1"]
[WhiteTeam "Streda"]
[BlackTeam "Humenne"]
[TimeControl "40/5400+30:1800+30"]

{[%evp 26,52,81,74,32767,32767,71,72,62,58,76,45,62,53,63,75,70,57,90,47,84,54,116,32767,153,32767,32767,145,228]} 1. d4 {[%emt 0:00:00]} Nf6 {[%emt 0:00:00]} 2. c4 {[%emt 0:00:00]} g6 {[%emt 0:00:00]} 3. Nc3 {[%emt 0:00:00]} Bg7 {[%emt 0:00:04]} 4. e4 {[%emt 0:00:00]} d6 {[%emt 0:00:05]} 5. Be2 {[%emt 0:00:00]} O-O {[%emt 0:00:08]} 6. Bg5 {[%emt 0:00:00]} h6 {[%emt 0:00:22]} 7. Be3 {[%emt 0:00:02]} c5 {[%emt 0:00:06]} 8. d5 {[%emt 0:01:20]} e6 {[%emt 0:02:29]} 9. Qd2 {[%emt 0:01:26]} Kh7 {[%emt 0:00:08]} 10. h3 {[%emt 0:04:20]} exd5 {[%emt 0:04:46]} 11. exd5 {[%emt 0:00:11]} Re8 {[%emt 0:00:12]} 12. Nf3 {[%emt 0:00:40]} b5 {[%emt 0:08:58] E74: King's Indian: Averbakh Variation: 6...c5} (12... Bf5 13. O-O Ne4 14. Nxe4 Bxe4 15. Rae1 Nd7 16. b3 b5 17. cxb5 Nb6 18. Bc4 Bxf3 19. gxf3 Qh4 20. Bf4 Nd7 21. Rxe8 Rxe8 {1-0 (55) Mamedyarov,S (2756)-Berg,E (2616) Khanty-Mansiysk 2010}) 13. cxb5 {[%emt 0:06:00]} Ne4 {[%emt 0:04:13]} 14. Nxe4 {[%emt 0:02:00]} Rxe4 {[%emt 0:00:04]} 15. O-O {[%emt 0:01:13]} Rb4 $146 {[%emt 0:09:21]} ({Predecessor:} 15... a6 16. bxa6 Rb4 17. Rab1 Bf5 18. a3 Ra4 19. Rbc1 Nxa6 20. Bb5 {1-0 (62) Lalith,B (2484)-Vishnu,P (2392) New Delhi 2012}) 16. Rab1 {[%emt 0:17:13]} Bf5 {[%emt 0:10:11]} 17. Bd3 {[%emt 0:00:28]} Bxd3 {[%emt 0:00:06]} 18. Qxd3 {[%emt 0:00:03]} a6 {[%emt 0:00:24]} 19. b3 {[%emt 0:04:44]} Rxb5 {[%emt 0:06:36]} 20. Rfe1 {[%emt 0:03:04]} Nd7 {[%emt 0:03:30]} 21. Bf4 {[%emt 0:02:23]} Qf6 {[%emt 0:14:23]} 22. g3 {[%emt 0:09:26]} Nb6 {[%emt 0:08:20]} 23. Rbd1 {[%emt 0:06:22]} Rd8 {[%emt 0:07:19]} 24. h4 {[%emt 0:01:28]} Qc3 {[%emt 0:06:09]} 25. Qe2 {[%emt 0:04:29]} c4 {[%emt 0:11:47]} 26. Rc1 {[%emt 0:05:17]} Qf6 $18 {[%emt 0:00:07]} (26... Qd3 $16) 27. Ng5+ {[%emt 0:03:27]} Kg8 {[%emt 0:01:01]} 28. Ne4 {[%emt 0:00:10]} Qb2 {[%emt 0:02:39]} 29. Rc2 {[%emt 0:02:49]} Qd4 {[%emt 0:00:29]} 30. Rd2 {[%emt 0:00:20]} 1-0

[Event "SVK Extraliga 2019-20"]
[Site "Slovakia"]
[Date "2019.10.19"]
[Round "1.7"]
[White "Wiewiora, Eneasz"]
[Black "Petran, Peter"]
[Result "1-0"]
[WhiteElo "2298"]
[BlackElo "2242"]
[Annotator "NA"]
[PlyCount "115"]
[EventDate "2019.10.19"]
[EventType "team-tourn"]
[EventCountry "SVK"]
[SourceTitle "playchess.com"]
[Source "ChessBase"]
[SourceQuality "1"]
[WhiteTeam "Dubnica"]
[BlackTeam "Slovan"]
[TimeControl "40/5400+30:1800+30"]

1. e4 {[%emt 0:00:00]} g6 {[%emt 0:00:00]} 2. d4 {[%emt 0:00:00]} Bg7 {[%emt 0:00:00]} 3. Nc3 {[%emt 0:00:00]} c6 {[%emt 0:00:00]} 4. Nf3 {[%emt 0:00:07]} d5 {[%emt 0:00:09]} 5. h3 {[%emt 0:00:06]} dxe4 {[%emt 0:00:22]} 6. Nxe4 {[%emt 0:00:06]} Nf6 {[%emt 0:00:09]} 7. Nxf6+ {[%emt 0:00:03]} exf6 {[%emt 0:00:06]} 8. Bc4 {[%emt 0:02:49]} O-O {[%emt 0:00:41]} 9. O-O {[%emt 0:00:08]} Nd7 {[%emt 0:00:36]} 10. Bf4 {[%emt 0:02:25]} b5 {[%emt 0:00:23]} 11. Bb3 {[%emt 0:00:13]} Nb6 {[%emt 0:00:06]} 12. Re1 {[%emt 0:01:15]} Nd5 {[%emt 0:01:01]} 13. Bg3 {[%emt 0:04:16]} Be6 {[%emt 0:00:10]} 14. Nd2 {[%emt 0:07:48]} a5 {[%emt 0:11:07]} 15. c4 {[%emt 0:22:40]} bxc4 {[%emt 0:01:38]} 16. Nxc4 {[%emt 0:00:05]} Qc8 {[%emt 0:04:46]} 17. Nd6 {[%emt 0:19:12]} Qd7 {[%emt 0:12:15]} 18. Ne4 {[%emt 0:01:53]} Bf5 {[%emt 0:17:22]} 19. Nc5 {[%emt 0:02:32]} Qd8 {[%emt 0:02:22]} 20. Qf3 {[%emt 0:00:29]} Ra7 {[%emt 0:01:39]} 21. Rad1 {[%emt 0:01:51]} Qa8 {[%emt 0:05:31]} 22. Bh4 {[%emt 0:08:20]} a4 {[%emt 0:03:48]} 23. Bxd5 {[%emt 0:02:09]} cxd5 {[%emt 0:00:06]} 24. g4 {[%emt 0:00:02]} Be4 {[%emt 0:02:26]} 25. Nxe4 {[%emt 0:00:13]} dxe4 {[%emt 0:00:05]} 26. Qxe4 {[%emt 0:00:18]} Qxe4 {[%emt 0:00:46]} 27. Rxe4 {[%emt 0:00:04]} Rd8 {[%emt 0:04:28]} 28. d5 {[%emt 0:03:08]} g5 {[%emt 0:04:25]} 29. Bg3 {[%emt 0:00:08]} f5 {[%emt 0:00:08]} 30. gxf5 {[%emt 0:00:09]} Bxb2 {[%emt 0:00:12]} 31. d6 {[%emt 0:02:31]} a3 {[%emt 0:01:47]} 32. h4 {[%emt 0:01:57]} h6 {[%emt 0:02:36]} 33. hxg5 {[%emt 0:01:51]} hxg5 {[%emt 0:00:07]} 34. Rg4 {[%emt 0:02:51]} f6 {[%emt 0:00:58]} 35. Kg2 {[%emt 0:05:34]} Kf7 {[%emt 0:01:09]} 36. Rc4 {[%emt 0:02:42]} Be5 {[%emt 0:06:08]} 37. Kf3 {[%emt 0:05:46]} Rdd7 {[%emt 0:06:21]} 38. Bxe5 {[%emt 0:01:08]} fxe5 {[%emt 0:00:03]} 39. Kg4 {[%emt 0:00:14]} Kf6 {[%emt 0:02:38]} 40. Rh1 {[%emt 0:02:23]} Rh7 {[%emt 0:00:31]} 41. Rxh7 {[%emt 0:16:50]} Rxh7 {[%emt 0:00:06]} 42. d7 {[%emt 0:00:45]} Rxd7 {[%emt 0:06:46]} 43. Rc6+ {[%emt 0:00:05]} Kf7 {[%emt 0:00:56]} 44. Kxg5 {[%emt 0:02:48]} Rd2 {[%emt 0:00:39]} 45. Rc7+ {[%emt 0:00:10]} Ke8 {[%emt 0:00:12]} 46. f3 {[%emt 0:03:29]} Rxa2 {[%emt 0:01:07]} 47. Ra7 {[%emt 0:00:30]} Rg2+ {[%emt 0:08:30]} 48. Kf6 {[%emt 0:00:22]} a2 {[%emt 0:00:21]} 49. Ke6 {[%emt 0:01:20]} Rd2 {[%emt 0:10:06]} 50. f6 {[%emt 0:01:46]} Rd8 {[%emt 0:00:36]} 51. Rxa2 {[%emt 0:00:28]} Rb8 {[%emt 0:00:09]} 52. Rh2 {[%emt 0:00:49]} Rb6+ {[%emt 0:00:26]} 53. Kf5 {[%emt 0:00:08]} Kf7 {[%emt 0:00:54]} 54. Rh7+ {[%emt 0:00:08]} Kg8 {[%emt 0:00:10]} 55. Kg6 {[%emt 0:01:31]} Ra6 {[%emt 0:02:45]} 56. Rb7 {[%emt 0:00:12]} Ra8 {[%emt 0:00:17]} 57. Rg7+ {[%emt 0:00:03]} Kf8 {[%emt 0:01:35]} 58. Rh7 {[%emt 0:00:04]} 1-0

[Event "SVK Extraliga 2019-20"]
[Site "Slovakia"]
[Date "2019.10.20"]
[Round "1.7"]
[White "Federic, Jozef"]
[Black "Walterova, Ema"]
[Result "1-0"]
[WhiteElo "2203"]
[BlackElo "1801"]
[Annotator "ChessBase"]
[PlyCount "47"]
[EventDate "2019.10.19"]
[EventType "team-tourn"]
[EventCountry "SVK"]
[SourceTitle "playchess.com"]
[Source "ChessBase"]
[SourceQuality "1"]
[WhiteTeam "Modra"]
[BlackTeam "Bratislava"]
[WhiteTeamCountry "SVK"]
[BlackTeamCountry "SVK"]
[TimeControl "40/5400+30:1800+30"]

1. d4 {[%emt 0:00:00]} d5 {[%emt 0:00:08]} 2. Nf3 {[%emt 0:00:00]} Nf6 {[%emt 0:00:00]} 3. g3 {[%emt 0:00:53]} e6 {[%emt 0:04:24]} 4. c4 {[%emt 0:01:00]} Be7 {[%emt 0:00:14]} 5. Bg2 {[%emt 0:00:18]} c5 {[%emt 0:02:53]} 6. cxd5 {[%emt 0:03:01]} Nxd5 {[%emt 0:04:07]} 7. O-O {[%emt 0:00:26]} O-O {[%emt 0:02:31]} 8. e4 {[%emt 0:03:13]} Nf6 {[%emt 0:09:51]} 9. Nc3 {[%emt 0:00:45]} Nc6 {[%emt 0:12:52]} 10. dxc5 {[%emt 0:14:42]} Bxc5 {[%emt 0:10:55]} 11. Bf4 {[%emt 0:05:42]} Qe7 {[%emt 0:07:24]} 12. e5 {[%emt 0:04:56]} Nh5 {[%emt 0:07:39]} 13. Bg5 {[%emt 0:04:40]} f6 {[%emt 0:01:47]} 14. exf6 {[%emt 0:01:36]} gxf6 {[%emt 0:04:12]} 15. Bh6 {[%emt 0:00:45]} Rd8 {[%emt 0:00:45]} 16. Qe2 {[%emt 0:02:15]} Bd7 {[%emt 0:08:04]} 17. Rfe1 {[%emt 0:20:44]} Rac8 {[%emt 0:03:39]} 18. Rad1 {[%emt 0:02:29]} Ng7 {[%emt 0:08:49]} 19. Bh3 {[%emt 0:05:11]} Re8 {[%emt 0:05:51]} 20. Ne4 {[%emt 0:03:06]} Rcd8 {[%emt 0:02:51]} 21. Qc4 {[%emt 0:06:29]} Bb4 {[%emt 0:00:54]} 22. Nc3 {[%emt 0:00:39]} Qc5 {[%emt 0:00:37]} 23. Qg4 {[%emt 0:00:46]} Qe7 {[%emt 0:00:24]} 24. Nd5 {[%emt 0:02:25]} 1-0

[Event "SVK Extraliga 2019-20"]
[Site "Slovakia"]
[Date "2019.10.19"]
[Round "1.7"]
[White "Horvath, Mario"]
[Black "Najgebauer, Szemjon"]
[Result "1/2-1/2"]
[WhiteElo "2191"]
[BlackElo "2186"]
[Annotator "NA"]
[PlyCount "71"]
[EventDate "2019.10.19"]
[EventType "team-tourn"]
[EventCountry "SVK"]
[SourceTitle "playchess.com"]
[Source "ChessBase"]
[SourceQuality "1"]
[WhiteTeam "Podhajska"]
[BlackTeam "Kosice"]
[TimeControl "40/5400+30:1800+30"]

1. d4 {[%emt 0:00:00]} Nf6 {[%emt 0:00:15]} 2. Nf3 {[%emt 0:00:32]} g6 {[%emt 0:01:13]} 3. Nbd2 {[%emt 0:03:28]} d5 {[%emt 0:01:50]} 4. e3 {[%emt 0:02:42]} Bg7 {[%emt 0:01:52]} 5. Bd3 {[%emt 0:00:57]} c5 {[%emt 0:02:47]} 6. dxc5 {[%emt 0:09:31]} Nfd7 {[%emt 0:06:19]} 7. Nb3 {[%emt 0:06:15]} O-O {[%emt 0:11:37]} 8. O-O {[%emt 0:02:31]} Qc7 {[%emt 0:02:32]} 9. e4 {[%emt 0:15:27]} dxe4 {[%emt 0:14:04]} 10. Bxe4 {[%emt 0:01:16]} Nxc5 {[%emt 0:00:32]} 11. Nxc5 {[%emt 0:00:17]} Qxc5 {[%emt 0:00:07]} 12. c3 {[%emt 0:01:36]} Nd7 {[%emt 0:03:36]} 13. Be3 {[%emt 0:07:08]} Qc7 {[%emt 0:00:51]} 14. Qe2 {[%emt 0:00:37]} Nf6 {[%emt 0:04:35]} 15. Bc2 {[%emt 0:06:29]} b6 {[%emt 0:03:19]} 16. Bd4 {[%emt 0:01:30]} Bb7 {[%emt 0:04:17]} 17. Rfe1 {[%emt 0:04:22]} e6 {[%emt 0:11:37]} 18. Be5 {[%emt 0:14:28]} Qc6 {[%emt 0:03:51]} 19. Qf1 {[%emt 0:01:11]} Rad8 {[%emt 0:06:08]} 20. Nd4 {[%emt 0:00:37]} Qc8 {[%emt 0:00:28]} 21. a4 {[%emt 0:01:03]} Ng4 {[%emt 0:06:07]} 22. Bxg7 {[%emt 0:00:37]} Kxg7 {[%emt 0:00:06]} 23. h3 {[%emt 0:01:37]} Nf6 {[%emt 0:05:42]} 24. Qe2 {[%emt 0:06:13]} Rfe8 {[%emt 0:01:08]} 25. f4 {[%emt 0:01:38]} Qc7 {[%emt 0:01:13]} 26. Qf2 {[%emt 0:01:12]} Nd5 {[%emt 0:01:05]} 27. g3 {[%emt 0:01:03]} Nf6 {[%emt 0:00:20]} 28. Qe3 {[%emt 0:01:01]} Qc5 {[%emt 0:00:53]} 29. Kh2 {[%emt 0:01:28]} h5 {[%emt 0:01:48]} 30. a5 {[%emt 0:00:43]} Rh8 {[%emt 0:00:47]} 31. axb6 {[%emt 0:04:30]} axb6 {[%emt 0:00:49]} 32. Qe5 {[%emt 0:00:54]} Rd5 {[%emt 0:01:21]} 33. Qe3 {[%emt 0:00:16]} Rd6 {[%emt 0:01:22]} 34. Qe5 {[%emt 0:00:37]} Rd5 {[%emt 0:00:06]} 35. Qe3 {[%emt 0:00:03]} Rd6 {[%emt 0:01:30]} 36. Qe5 {[%emt 0:00:26]} 1/2-1/2

[Event "SVK Extraliga 2019-20"]
[Site "Slovakia"]
[Date "2019.10.19"]
[Round "1.7"]
[White "Kantorik, Marian"]
[Black "Hros, Roman"]
[Result "1/2-1/2"]
[WhiteElo "2165"]
[BlackElo "2196"]
[Annotator "NA"]
[PlyCount "131"]
[EventDate "2019.10.19"]
[EventType "team-tourn"]
[EventCountry "SVK"]
[SourceTitle "playchess.com"]
[Source "ChessBase"]
[SourceQuality "1"]
[WhiteTeam "Dunajov"]
[BlackTeam "Liptovska"]
[TimeControl "40/5400+30:1800+30"]

1. d4 {[%emt 0:00:00]} d6 {[%emt 0:04:36]} 2. c4 {[%emt 0:00:00]} e5 {[%emt 0:00:25]} 3. Nf3 {[%emt 0:00:00]} Nc6 {[%emt 0:01:11]} 4. Nc3 {[%emt 0:01:10]} exd4 {[%emt 0:06:31]} 5. Nxd4 {[%emt 0:00:16]} g6 {[%emt 0:00:28]} 6. e4 {[%emt 0:01:46]} Bg7 {[%emt 0:00:32]} 7. Be3 {[%emt 0:00:12]} Nge7 {[%emt 0:06:00]} 8. Be2 {[%emt 0:02:15]} O-O {[%emt 0:00:56]} 9. O-O {[%emt 0:00:05]} f5 {[%emt 0:07:34]} 10. f3 {[%emt 0:06:06] A42: Modern Defence: Averbakh Variation} (10. Qd2 Kh8 11. Nxc6 Nxc6 12. Bg5 Qe8 13. Bd3 Qf7 14. Nd5 Ne5 15. exf5 Bxf5 16. Be2 Rae8 17. Rae1 Be4 18. f3 Bxd5 19. Qxd5 Qxd5 20. cxd5 {½-½ (61) Keymer,V (2500)-Lagarde,M (2604) chess.com INT 2019}) 10... Re8 {[%emt 0:16:50]} 11. Qd2 {[%emt 0:04:31]} Nxd4 $146 {[%emt 0:18:14]} ({Predecessor:} 11... Ne5 12. Rad1 N7c6 13. Nd5 Nxd4 14. Bxd4 Be6 15. f4 Bxd5 16. cxd5 Nf7 17. Bxg7 Kxg7 18. exf5 gxf5 {1-0 (29) Rausch,S (2295)-Boehm,E (2205) Germany 1996}) 12. Bxd4 {[%emt 0:00:15]} Bxd4+ {[%emt 0:00:36]} 13. Qxd4 {[%emt 0:00:08]} Nc6 {[%emt 0:00:42]} 14. Qd2 {[%emt 0:00:54]} fxe4 {[%emt 0:01:05]} 15. Nxe4 {[%emt 0:03:55]} Bf5 {[%emt 0:06:57]} 16. Nc3 {[%emt 0:08:32]} Qe7 {[%emt 0:02:35]} 17. Rf2 {[%emt 0:02:35]} Qg7 {[%emt 0:00:55]} 18. Rd1 {[%emt 0:01:10]} Be6 {[%emt 0:03:51]} 19. f4 {[%emt 0:03:51]} Rf8 {[%emt 0:01:46]} 20. b3 {[%emt 0:00:46]} Rae8 {[%emt 0:04:20]} 21. Bf3 {[%emt 0:01:39]} Nd8 {[%emt 0:02:46]} 22. Re2 {[%emt 0:04:38]} Bf7 {[%emt 0:01:27]} 23. Rde1 {[%emt 0:03:26]} Rxe2 {[%emt 0:00:51]} 24. Rxe2 {[%emt 0:00:16]} Re8 {[%emt 0:03:01]} 25. Rxe8+ {[%emt 0:01:58]} Bxe8 {[%emt 0:00:01]} 26. c5 {[%emt 0:00:17]} Nf7 $16 {[%emt 0:04:32]} 27. Bxb7 {[%emt 0:03:22]} dxc5 {[%emt 0:00:01]} 28. Ne2 {[%emt 0:02:45]} Nd6 {[%emt 0:00:56]} 29. Bd5+ {[%emt 0:00:08]} Kh8 {[%emt 0:01:54]} 30. Qc3 {[%emt 0:01:42]} Bb5 {[%emt 0:00:42]} 31. Qxg7+ {[%emt 0:02:07]} Kxg7 {[%emt 0:00:01]} 32. Nc3 {[%emt 0:00:10]} a5 {[%emt 0:00:38]} 33. Kf2 {[%emt 0:01:04]} Kf6 {[%emt 0:01:07]} 34. Kf3 {[%emt 0:05:38]} Ba6 {[%emt 0:02:17]} 35. Ne4+ {[%emt 0:00:48]} Nxe4 {[%emt 0:00:27]} 36. Kxe4 {[%emt 0:01:58]} h5 {[%emt 0:00:37]} 37. g3 {[%emt 0:03:53]} Bc8 {[%emt 0:00:29]} 38. Kd3 {[%emt 0:03:10]} Ba6+ {[%emt 0:00:19]} 39. Ke3 {[%emt 0:00:17]} Bc8 {[%emt 0:00:34]} 40. Kd3 {[%emt 0:04:48]} Ba6+ {[%emt 0:00:15]} 41. Ke4 {[%emt 0:30:06]} Bf1 {[%emt 0:07:20]} 42. Kf3 {[%emt 0:00:00]} Bh3 {[%emt 0:05:01]} 43. Bc4 {[%emt 0:00:00]} Bf5 {[%emt 0:00:14]} 44. Ke3 {[%emt 0:00:00]} Bc8 {[%emt 0:04:53]} 45. Bb5 {[%emt 0:00:00]} Bf5 {[%emt 0:01:41]} 46. Kd2 {[%emt 0:00:00]} Be6 {[%emt 0:01:40]} 47. Bf1 {[%emt 0:00:00]} Ke7 {[%emt 0:03:58]} 48. Kd3 {[%emt 0:02:39]} Kd6 {[%emt 0:02:15]} 49. Ke3 {[%emt 0:00:47]} Ke7 {[%emt 0:01:57]} 50. Ke4 {[%emt 0:04:19]} Kd6 {[%emt 0:00:18]} 51. Ke3 {[%emt 0:01:11]} Ke7 {[%emt 0:00:25]} 52. Bc4 {[%emt 0:00:25]} Bd7 {[%emt 0:00:52]} 53. Ke4 {[%emt 0:02:15]} Kd6 {[%emt 0:00:01]} 54. Ke3 {[%emt 0:02:30]} Ke7 {[%emt 0:00:38]} 55. Bd5 {[%emt 0:01:04]} Bh3 {[%emt 0:01:36]} 56. Be4 {[%emt 0:02:23]} Kf6 {[%emt 0:00:05]} 57. Kd3 {[%emt 0:01:30]} Bf1+ {[%emt 0:01:36]} 58. Kc3 {[%emt 0:01:12]} Ba6 {[%emt 0:00:07]} 59. h3 {[%emt 0:01:23]} Bf1 {[%emt 0:01:04]} 60. h4 {[%emt 0:02:19]} Ba6 {[%emt 0:00:22]} 61. Bd3 {[%emt 0:01:58]} Bc8 {[%emt 0:02:38]} 62. Kc4 {[%emt 0:00:20]} Ba6+ {[%emt 0:00:03]} 63. Kc3 {[%emt 0:00:07]} Bc8 {[%emt 0:00:03]} 64. a4 {[%emt 0:05:19]} Be6 {[%emt 0:01:28]} 65. Bc4 {[%emt 0:00:24]} Bc8 {[%emt 0:00:29]} 66. Bd3 {[%emt 0:00:20] Ke5} 1/2-1/2

[Event "SVK Extraliga 2019-20"]
[Site "Slovakia"]
[Date "2019.10.19"]
[Round "1.8"]
[White "Jancovic, Peter"]
[Black "Zpevak, Pavel"]
[Result "1/2-1/2"]
[WhiteElo "2308"]
[BlackElo "2340"]
[Annotator "NA"]
[PlyCount "29"]
[EventDate "2019.10.19"]
[EventType "team-tourn"]
[EventCountry "SVK"]
[SourceTitle "playchess.com"]
[Source "ChessBase"]
[SourceQuality "1"]
[WhiteTeam "Slovan"]
[BlackTeam "Dubnica"]
[TimeControl "40/5400+30:1800+30"]

1. d4 {[%emt 0:00:00]} Nf6 {[%emt 0:00:00]} 2. Nf3 {[%emt 0:00:03]} e6 {[%emt 0:00:18]} 3. g3 {[%emt 0:00:26]} b5 {[%emt 0:03:07]} 4. Bg2 {[%emt 0:00:09]} Bb7 {[%emt 0:00:37]} 5. O-O {[%emt 0:00:12]} c5 {[%emt 0:02:07]} 6. a4 {[%emt 0:05:59]} b4 {[%emt 0:01:48]} 7. c3 {[%emt 0:02:02]} Na6 {[%emt 0:11:00]} 8. Nbd2 {[%emt 0:04:26]} Be7 {[%emt 0:16:49]} 9. Re1 Rc8 {[%emt 0:10:57]} 10. c4 {[%emt 0:32:46]} cxd4 {[%emt 0:00:30]} 11. Nxd4 {[%emt 0:00:30]} Bxg2 {[%emt 0:01:06]} 12. Kxg2 {[%emt 0:00:05]} Nc5 {[%emt 0:00:41]} 13. b3 {[%emt 0:13:32]} O-O {[%emt 0:04:14]} 14. Bb2 {[%emt 0:03:15]} Qb6 15. Qc2 {[%emt 0:04:15]} 1/2-1/2